000 00737nam a2200289Ia 4500
005 20260324132548.0
008 008 260324s9999 xx 000 0 eng d
020 _a9780203051191
037 _aEBOOK
040 _aCRL
040 _beng
040 _cCRL
041 _2eng
041 _aeng
084 _qCRL
100 _aJon Pynoos; Joann Ahrens; Penny Hollander Feldman
_91189756
245 0 _aLinking Housing and Services for Older Adults
245 0 _bObstacles, Options, and Opportunities
260 _bTaylor and Francis
260 _c2004
365 _a
365 _b230
856 _uhttp://www.taylorfrancis.com/books/9780203051191
942 _cEBOOK
999 _c1787972
_d1787972